000 00642cam a22001575a 4500
001 121394
008 230313s2023 xxk fo 001 0 eng d
041 0 _aeng
110 2 _aRoyal Institution of Chartered Surveyors
245 0 0 _aGovernance Procedures and Processes
_b(made as Standing Orders) as approved by Governing Council
_h[old edition]
260 _aLondon,
_bRICS,
_cJanuary 2023
300 _a12p
651 4 _aInternational
856 4 1 _uhttps://www.rics.org/profession-standards/knowledge-and-information-services/document-delivery-and-other-kis-fees
_zemail [email protected] for a copy of this archived item
942 _n0
999 _c121394
_d121394